<?xml version="1.0" encoding="UTF-8"?>
<record
    xmlns:xsi="http://www.w3.org/2001/XMLSchema-instance"
    xsi:schemaLocation="http://www.loc.gov/MARC21/slim http://www.loc.gov/standards/marcxml/schema/MARC21slim.xsd"
    xmlns="http://www.loc.gov/MARC21/slim">

  <leader>02197nam a22002057a 4500</leader>
  <controlfield tag="005">20250626171452.0</controlfield>
  <controlfield tag="008">250626b        |||||||| |||| 00| 0 eng d</controlfield>
  <datafield tag="020" ind1=" " ind2=" ">
    <subfield code="a">9789361565083</subfield>
  </datafield>
  <datafield tag="040" ind1=" " ind2=" ">
    <subfield code="c">AL</subfield>
  </datafield>
  <datafield tag="041" ind1=" " ind2=" ">
    <subfield code="a">English</subfield>
  </datafield>
  <datafield tag="082" ind1=" " ind2=" ">
    <subfield code="a">327</subfield>
    <subfield code="b">JAIR</subfield>
  </datafield>
  <datafield tag="100" ind1=" " ind2=" ">
    <subfield code="a">S Jaishankar</subfield>
    <subfield code="9">216230</subfield>
  </datafield>
  <datafield tag="245" ind1=" " ind2=" ">
    <subfield code="a">Raisina Chronicles</subfield>
    <subfield code="b">: Indias global public square</subfield>
  </datafield>
  <datafield tag="260" ind1=" " ind2=" ">
    <subfield code="a">New Delhi</subfield>
    <subfield code="b">Rupa publications India Pvt Ltd</subfield>
    <subfield code="c">2025</subfield>
  </datafield>
  <datafield tag="300" ind1=" " ind2=" ">
    <subfield code="a">206 p.</subfield>
    <subfield code="b">HB</subfield>
    <subfield code="c">23x15 cm.</subfield>
  </datafield>
  <datafield tag="365" ind1=" " ind2=" ">
    <subfield code="a">KSCR-000225</subfield>
    <subfield code="b">&#x20B9;476.00</subfield>
    <subfield code="c">&#x20B9;</subfield>
    <subfield code="d">&#x20B9;595.00</subfield>
    <subfield code="e">20%</subfield>
    <subfield code="f">20-06-2025</subfield>
  </datafield>
  <datafield tag="520" ind1=" " ind2=" ">
    <subfield code="a">Raisina Chronicles celebrates a decade of the Raisina Dialogue. It brings together voices from across the world&#x2014;of leaders and thinkers reflecting on the Raisina Dialogue&#x2019;s impact on how we may navigate global challenges and create solutions that work. Putting India at the forefront of leading the change, the effect of these Dialogues is felt across policies and projections that the global family is working towards.
S. Jaishankar and Samir Saran, the editors, who are also the curators of the Dialogue, emphasize that diversity, dissent, discord, and divergence of opinion make for the necessary ingredients for a sustainable future, shaped and owned by all. Ten years since its inception, the Raisina Dialogue has become the paramount platform for bringing together cultures, peoples and opinions. It is now India&#x2019;s flagship geopolitical and geoeconomic conference, and has truly become a global public square&#x2014;located in New Delhi, incubated by the world.
In tandem with the curated discussions, Raisina Chronicles reflects on the Dialogue&#x2019;s journey and brings to its readers a single volume containing thorough insights and unbridled optimism for finding common solutions to global challenges. As the world stands on the cusp of structural and historical change, the hope that is central to this work is for the voices of the people to be at the forefront of global politics and policymaking, resonating through power corridors, and finding their way to the masses. For leaders to implement change, society must come together to take that one step forward in the right direction.</subfield>
  </datafield>
  <datafield tag="650" ind1=" " ind2=" ">
    <subfield code="a">Changing realities</subfield>
    <subfield code="9">216229</subfield>
  </datafield>
  <datafield tag="942" ind1=" " ind2=" ">
    <subfield code="2">ddc</subfield>
    <subfield code="c">BK</subfield>
  </datafield>
  <datafield tag="999" ind1=" " ind2=" ">
    <subfield code="c">234552</subfield>
    <subfield code="d">234552</subfield>
  </datafield>
  <datafield tag="952" ind1=" " ind2=" ">
    <subfield code="0">0</subfield>
    <subfield code="1">0</subfield>
    <subfield code="2">ddc</subfield>
    <subfield code="4">0</subfield>
    <subfield code="7">0</subfield>
    <subfield code="8">PS</subfield>
    <subfield code="a">AL</subfield>
    <subfield code="b">AL</subfield>
    <subfield code="d">2025-06-23</subfield>
    <subfield code="e">Navakarnataka Publications Pvt Ltd Mangaluru-575001</subfield>
    <subfield code="g">476.00</subfield>
    <subfield code="l">1</subfield>
    <subfield code="o">327 JAIR</subfield>
    <subfield code="p">077706</subfield>
    <subfield code="r">2025-10-16 13:07:50</subfield>
    <subfield code="s">2025-09-27</subfield>
    <subfield code="v">595.00</subfield>
    <subfield code="w">2025-06-20</subfield>
    <subfield code="y">BK</subfield>
  </datafield>
</record>
